000 00619cab a2200217 4500
001 X3326
008 090401t1996 xxu||||| |||| 00| 0 eng d
035 _a(Sirsi) u29787
041 _aeng
245 _aEBRD transition report
260 _c1996
350 _a0
490 _aCSM (Chartered Surveyor Monthly)
_v5(5) February 1996, 12(1)
520 _aUpbeat note about economic growth in Eastern and Central Europe
650 _aCENTRAL EUROPE
650 _aEASTERN EUROPE
650 _aEUROPEAN BANK FOR RECONSTRUCTION AND DEVELOPMENT
690 _aECONOMIC AND SOCIAL
942 _n0
948 _c04/03/1997
999 _c20033
_d20033